| 000 | 01168nam a2200301 i 4500 | ||
|---|---|---|---|
| 003 | DO-SdBNP | ||
| 005 | 20231128085626.0 | ||
| 007 | ta | ||
| 008 | 110413s1987 dr o 000 j spa d | ||
| 040 |
_aDO-SdBNP _bspa _cBNPHU _erda |
||
| 082 |
_bL865 _222 |
||
| 100 |
_aLora, J. Armando _923132 |
||
| 245 | 1 | 0 |
_a¡ECOCIDIO! : _b(el asesinato del medio ambiente en la isla de Santo Domingo) _cJ. Armando Lora ; fotografías Augusto Medrano, Junio Lora, José Ramón Suriel |
| 264 | 1 |
_aSantiago de los Caballeros, República Dominicana : _bTeófilo, _c1987. |
|
| 300 |
_a139 páginas _bfotografías _c17 cm. |
||
| 336 |
_2rdacontent _atexto _btxt |
||
| 337 |
_2rdamedia _asin mediación _bn |
||
| 338 |
_2rdacarrier _avolumen _bnc |
||
| 500 | _a5 de junio de 1985, día mundial de la Ecología. | ||
| 590 | _aInventariado, 2023/ YL | ||
| 700 | 1 |
_aMedrano, Augusto _efotografías _984676 |
|
| 700 | 1 |
_aLora, Junio _efotografías _984677 |
|
| 700 | 1 |
_aSuriel, José Ramón _efotografías _984678 |
|
| 710 | 1 |
_aArchivo histórico Santiago _efotografías _984679 |
|
| 710 | 1 |
_asociedad Ecológica del Cibao _efotografías _984680 |
|
| 910 | _aYLockward | ||
| 942 |
_2ddc _cLBS1 |
||
| 999 |
_c55598 _d55598 |
||